What isn't fit to print /
Es una severa crítica a los medios de comunicación estadounidenses especialmente a la prensa. El autor señala la tradicional alianza entre los medios de comunicación, la élite gobernante y el gobierno de turno. Para ilustrar la manipulación de la información, el autor se refiere al tratamiento que l...
محفوظ في:
| المؤلف الرئيسي: | |
|---|---|
| التنسيق: | نص |
| الموضوعات: | |
| الوسوم: |
إضافة وسم
لا توجد وسوم, كن أول من يضع وسما على هذه التسجيلة!
|
MARC
| LEADER | 00000 a a2200000 04500 | ||
|---|---|---|---|
| 001 | 9763 | ||
| 003 | |||
| 040 | |||
| 100 | |a Hochschild, Adam | ||
| 245 | |a What isn't fit to print / |c Adam Hochschild | ||
| 520 | |a Es una severa crítica a los medios de comunicación estadounidenses especialmente a la prensa. El autor señala la tradicional alianza entre los medios de comunicación, la élite gobernante y el gobierno de turno. Para ilustrar la manipulación de la información, el autor se refiere al tratamiento que los medios estadounidenses han dado a la situación política centroamericana y sobre todo a El Salvador. AB/JM | ||
| 650 | |a MEDIOS DE COMUNICACION DE MASAS | ||
| 650 | |a PERIODISMO | ||
| 650 | |a PRENSA | ||
| 650 | |a POLITICA DE COMUNICACION | ||
| 650 | |a INTERVENCION EXTRANJERA | ||
| 650 | |a POLITICA EXTERIOR | ||
| 773 | |g volumen 6, número 5; páginas 5 | ||
| 999 | |c 33001 |d 33001 | ||
| 773 | 0 | |0 43274 |9 4741 |a Foundation for National Progress |d San Francisco, Estados Unidos: Foundation for National Progress |o MFN: 0983 |t Mother Jones/ |x 1362884 | |
